El heroe de las mil caras (Registro nro. 308598)

Detalles MARC
000 -ENCABEZADO
Número de control [NR] 00929 a2200253 4500
005 - FECHA Y HORA DE LA ÚLTIMA TRANSACCIÓN
control field 20171110152518.0
008 - DE LONGITUD FIJA DE DATOS DE ELEMENTOS - INFORMACIÓN GENERAL
Elementos de longitud fija [NR] 171110s2014 mx a fr 000 0 spa
020 ## - NUMERO INTERNACIONAL NORMALIZADO PARA LIBROS [R]
Número Internacional Normalizado del libro [NR] 9786071620132 (2a.Ed.)
040 ## - FUENTE DE CATALOGACION [NR]
Agencia de catalogación original [NR] CO-BoUCM
Idioma de catalogación [NR] spa
Quien Cataloga Saul Niño
Quien Clasifica Saul Niño
041 00 - CODIGO DE IDIOMA [R]
Código de idioma para texto/pista de sonido o título separado [R] Español
100 1# - ASIENTO PRINCIPAL--NOMBRE PERSONAL [NR]
Nombre personal [NR] Campbell, Joseph
ID Autoridad 54059
245 13 - MENCION DE TITULO [NR]
Título [NR] El heroe de las mil caras
Parte restante del título [NR] psicoanálisis del mito
Mención de responsabilidad, etc. [NR] Joseph Campbell ; traducción Luisa Josefina Hernández
250 ## - MENCION DE EDICION [NR]
Mención de edición [NR] Segunda edición
260 ## - PUBLICACION, DISTRIBUCION, ETC. (PIE DE IMPRENTA) [R]
Lugar de publicación, distribución, etc. [R] México D.F. (México)
Nombre del editor, distribuidor, etc. [R] Fondo de Cultura Economica
Fecha de publicación, distribución, etc. [R] 2014
300 ## - DESCRIPCION FISICA [R]
Extensión [R] 480 páginas
Otros detalles físicos [NR] ilustraciones
490 0# - MENCION DE SERIE [R]
Mención de serie [R] Sección de obras de Antropología
650 #7 - ASIENTO SECUNDARIO DE MATERIA - TERMINO TEMATICO [R]
9 (RLIN) 19626
Término temático o nombre geográfico como elemento de entrada [NR] Mitología
650 #7 - ASIENTO SECUNDARIO DE MATERIA - TERMINO TEMATICO [R]
9 (RLIN) 22781
Término temático o nombre geográfico como elemento de entrada [NR] Psicoanálisis
690 ## - ASUNTO AGREGADO LOCAL DE ENTRADA - TÉRMINO TEMÁTICO (OCLC, RLIN)
Acceso temático local Mitología
9 (RLIN) 19626
700 1# - ASIENTO SECUNDARIO - NOMBRE PERSONAL [R]
Nombre personal [NR] Hernández, Luisa Josefina
Término de relación [R] traductor
9 (RLIN) 54060
765 ## - ASIENTO DE IDIOMA ORIGINAL [R]
Título [NR] the hero with a thousand faces
942 ## - ELEMENTOS DE ENTRADA AGREGADOS (KOHA)
Tipo de ítem principal el descrito en 300a Libro
Tema principal Religión
Edición 2
Parte restante de la signatura top. C187h
Sistema de clasificación DEWEY
Clasificación 291.13
Existencias
Fecha de último préstamo Total préstamos Total Renewals Signatura topográfica Código de barras Última vez visto Ejemplar Costo de reposición Price effective from Tipo de ítem Perdido Sistema de clasificación Dañado No prestable Tipo de ítem específico Suprimido Ubicación habitual Ubicación actual Localización Fecha de creación Proveedor Forma de adquisición Costo
17/09/2025 8 16 291.13 C187h 100155039 09/12/2025 Ej.1 26000.00 03/11/2017 Libro   DEWEY     Libro   Claustro Claustro 2do piso 03/11/2017 12 Donación 0.00